BARS AU LUXEMBOURG - Statistiques

Statistiques générales
  • Ce quiz a été pris 14 fois
  • Le résultat moyen est 6 sur 15
Statistiques - réponses
Hint Réponse % Correct
3 ARTSCENE
67%
12 INTERVIEW
67%
1 ROCK SOLID
67%
11 BLUE BAR
50%
7 GO TEN
50%
2 URBAN
50%
6 AMORE
33%
13 KIN KHAO
33%
10 POP UP
33%
15 SHAMROCK
33%
8 SHINZO
33%
4 BAZAR
17%
9 GODEWELLEN
17%
14 MAMACITA
17%
5 THE SPOT
17%
Aucun quiz correspondant
Distribution des résultats
% des personnes avec chaque résultat
Percentile par nombre de réponses
Votre historique - résultats
Vous n’avez pas pris ce quiz